Konfekcia z domácich dielní Úspešná prezentácia na IGEDE, ocenenie v Brne
Sortiment výroby a.s. Makyta Púchov. Nedostatok výrobkov Makyty na domácom trhu. Postupné otváranie vlastných predajní na Slovensku. Prezentácia vlastných kolekcií firmy na medzinárodných kontraktačných prehliadkach. Obslužné závody firmy.
Gespeichert in:
| 1. Verfasser: | |
|---|---|
| Format: | Buchkapitel |
| Sprache: | Slowakisch |
| Schlagworte: | |
| Tags: |
Keine Tags, Fügen Sie das erste Tag hinzu!
|
MARC
| LEADER | 00000naa a2200000 4500 | ||
|---|---|---|---|
| 001 | r016657 | ||
| 005 | 20221213114115.8 | ||
| 041 | 0 | |a slo | |
| 044 | |a SK | ||
| 245 | 1 | 0 | |a Konfekcia z domácich dielní |b Úspešná prezentácia na IGEDE, ocenenie v Brne |c J. Ľubinová |
| 520 | |a Sortiment výroby a.s. Makyta Púchov. Nedostatok výrobkov Makyty na domácom trhu. Postupné otváranie vlastných predajní na Slovensku. Prezentácia vlastných kolekcií firmy na medzinárodných kontraktačných prehliadkach. Obslužné závody firmy. | ||
| 610 | 2 | 0 | |a Makyta, a.s. Púchov |
| 610 | 2 | 0 | |a sortiment výroby |
| 610 | 2 | 0 | |a výrobky textilné |
| 610 | 2 | 0 | |a priemysel odevný |
| 610 | 2 | 0 | |a dodávatelia |
| 610 | 2 | 0 | |a odevy |
| 610 | 2 | 0 | |a výrobky nové |
| 100 | 1 | |a Ľubinová, J. | |